| 000 | 00558nam a22002057a 4500 | ||
|---|---|---|---|
| 999 |
_c5895 _d5895 |
||
| 003 | OSt | ||
| 005 | 20190905155827.0 | ||
| 008 | 171129b xxu||||| |||| 00| 0 eng d | ||
| 020 | _a8123905149 | ||
| 040 | _cDDC | ||
| 050 | _bQV744 P881b 1997 | ||
| 100 |
_aEdited by Beckett, A.H.; Stenlake, J.B. _912271 |
||
| 245 | _aPractical Pharmaceutical Chemistry | ||
| 250 | _a4th ed. Part II | ||
| 260 |
_aDelhi; _bCBS Publishers, _c1997 |
||
| 300 | _a602p; ill: 22cm | ||
| 504 | _aIndex included | ||
| 650 |
_aPharmaceutical Chemistry _9283 |
||
| 942 |
_2z _cSLOAN |
||